| 000 | 00558nam a22001817a 4500 | ||
|---|---|---|---|
| 008 | 230609b |||||||| |||| 00| 0 eng d | ||
| 020 | _a81-224-0403-0 | ||
| 040 |
_aNational Science Library _cNational Science Library |
||
| 080 |
_a620.97 _bN2 |
||
| 245 |
_aSolar energy and energy conservation: _bReviews in contemporary physics |
||
| 260 |
_aNew Delhi: _bWiley Eastern Ltd, _c1992 |
||
| 300 | _axv, 345p. | ||
| 650 | _aEnergy | ||
| 653 | _aThermal power stations | ||
| 700 | _aKamal, Raj (Ed.) | ||
| 700 | _aMaheshwari, K P (Ed.) | ||
| 942 |
_2udc _cBK |
||
| 999 |
_c41309 _d41309 |
||